| 000 | 00650cam a2200217 i 4500 | ||
|---|---|---|---|
| 999 |
_c12709 _d12709 |
||
| 003 | OSt | ||
| 005 | 20240711182657.0 | ||
| 008 | 180403s2017 vra 001 0 eng | ||
| 010 | _a 2017491721 | ||
| 020 | _a9781864706598 | ||
| 042 | _apcc | ||
| 050 | 0 | 0 |
_aSB486.D46 _bP63 2017 |
| 082 | _a712 | ||
| 245 | 0 | 0 |
_aPocket park design : _bsolutions for the regeneration of public space in high-density cities / _cedited by Angus Bruce. |
| 300 |
_a191 pages ; _c30 cm |
||
| 500 | _aIncludes index. | ||
| 650 | 0 |
_aUrban parks _xDesigns and plans. |
|
| 650 | 0 |
_aCity planning _xEnvironmental aspects. |
|
| 700 | 1 |
_aBruce, Angus, _eeditor. |
|
| 942 | _2ddc | ||